[Event "Holguin Regional-ch sf"]
[Site "Holguin"]
[Date "2023.10.14"]
[Round "6"]
[White "Fuentes De Feria, Hector Luis"]
[Black "Sanchez Suarez, Miguel Gelasio"]
[Result "1/2-1/2"]
[WhiteElo "2151"]
[BlackElo "2154"]
[PlyCount "71"]
[EventDate "2023.10.11"]
[EventType "swiss"]
[EventRounds "7"]
[EventCountry "CUB"]
[SourceTitle "Mega2024 Update 01"]
[Source "Chessbase"]
[SourceDate "2023.11.12"]
[SourceVersion "1"]
[SourceVersionDate "2023.11.12"]
[SourceQuality "1"]

1. e4 c5 2. Nf3 Nc6 3. d4 cxd4 4. Nxd4 g6 5. c4 Nf6 6. Nc3 d6 7. Be2 Nxd4 8. Qxd4 Bg7 9. Be3 0-0 10. Qd2 Be6 11. 0-0 Qa5 12. f3 Rfc8 13. b3 a6 14. Rac1 b5 15. Nd5 Qxd2 16. Bxd2 Nxd5 17. cxd5 Bd4+ 18. Kh1 Bd7 19. Bd3 Bb2 20. Rxc8+ Rxc8 21. Rb1 Bc3 22. Be3 b4 23. Kg1 a5 24. Rc1 f5 25. exf5 gxf5 26. Kf2 Kf7 27. Ke2 Kf6 28. a4 e6 29. Bb6 Ra8 30. dxe6 Bxe6 31. Rb1 h5 32. Bb5 Be5 33. h3 Rc8 34. Bxa5 Rc2+ 35. Kf1 Bd4 36. Be2 1/2-1/2

[Event "Adelquis Remon Memorial-D"]
[Site "Holguin"]
[Date "2017.11.06"]
[Round "8.3"]
[White "Sanchez Suarez, Miguel Gelasio"]
[Black "Roll Renford, Evelio Amaurys"]
[Result "1/2-1/2"]
[WhiteElo "2164"]
[BlackElo "2168"]
[PlyCount "33"]
[EventDate "2017.11.02"]
[EventType "tourn"]
[EventRounds "10"]
[EventCountry "CUB"]
[SourceTitle "EXT 2023"]
[Source "ChessBase"]
[SourceDate "2022.10.05"]
[SourceVersion "1"]
[SourceVersionDate "2022.10.05"]
[SourceQuality "1"]

1. c4 Nf6 2. Nf3 g6 3. d4 Bg7 4. Nc3 d6 5. e4 0-0 6. Be2 e5 7. dxe5 dxe5 8. Qxd8 Rxd8 9. Bg5 Re8 10. Nd5 Nxd5 11. cxd5 c6 12. Bc4 cxd5 13. Bxd5 Nc6 14. 0-0 Be6 15. Bxc6 bxc6 16. Rfc1 Rec8 17. b3 1/2-1/2

[Event "Adelquis Remon Memorial-D"]
[Site "Holguin"]
[Date "2017.11.03"]
[Round "3.3"]
[White "Roll Renford, Evelio Amaurys"]
[Black "Sanchez Suarez, Miguel Gelasio"]
[Result "0-1"]
[WhiteElo "2168"]
[BlackElo "2164"]
[PlyCount "100"]
[EventDate "2017.11.02"]
[EventType "tourn"]
[EventRounds "10"]
[EventCountry "CUB"]
[SourceTitle "EXT 2023"]
[Source "ChessBase"]
[SourceDate "2022.10.05"]
[SourceVersion "1"]
[SourceVersionDate "2022.10.05"]
[SourceQuality "1"]

1. e4 c5 2. Nf3 Nc6 3. Nc3 g6 4. d4 cxd4 5. Nxd4 Bg7 6. Be3 Nf6 7. Bc4 0-0 8. 0-0 Nxe4 9. Nxe4 d5 10. Nxc6 bxc6 11. Bd3 dxe4 12. Bxe4 Qc7 13. c3 Rb8 14. Rb1 f5 15. Bf3 f4 16. Bc5 Bf5 17. Rc1 Rxb2 18. Qa4 Be6 19. c4 Rf5 20. Rce1 Rxc5 21. Rxe6 Ra5 22. Qd1 Rb6 23. Qc1 Rxa2 24. c5 Rba6 25. Rxc6 Rxc6 26. Bxc6 Kf8 27. Qc4 Ra1 28. Qe6 Qe5 29. Bd5 Qxe6 30. Bxe6 Ke8 31. Rxa1 Bxa1 32. Kf1 Kd8 33. Ke2 Kc7 34. Bd5 Bd4 35. c6 a5 36. f3 Bb6 37. Kd3 Kd6 38. Kc4 g5 39. Be4 h5 40. Bg6 h4 41. Be4 e6 42. Kb5 Bd8 43. Kc4 Ke5 44. Kc5 g4 45. h3 g3 46. Bc2 Bc7 47. Kc4 Kd6 48. Ba4 e5 49. Bb5 e4 50. fxe4 f3 0-1